Greta Van Fleet Discography - Statistics

General Stats
  • This quiz has been taken 27 times
  • The average score is 28 of 40
Answer Stats
Year Album Song % Correct
2017 From the Fires Highway Tune
100%
2017 From the Fires Safari Song
100%
2018 Anthem of the Peaceful Army Age of Man
94%
2017 From the Fires Black Smoke Rising
94%
2017 From the Fires A Change Is Gonna Come
89%
2021 The Battle at Garden's Gate Age of Machine
89%
2021 The Battle at Garden's Gate Light My Love
89%
2017 From the Fires Flower Power
83%
2021 The Battle at Garden's Gate Heat Above
83%
2023 Starcatcher Meeting the Master
83%
2021 The Battle at Garden's Gate Stardust Chords
83%
2023 Starcatcher The Falling Sky
83%
2021 The Battle at Garden's Gate Broken Bells
78%
2018 Anthem of the Peaceful Army Lover, Leaver (Taker, Believer)
78%
2017 From the Fires Meet on the Ledge
78%
2021 The Battle at Garden's Gate My Way, Soon
78%
2017 From the Fires Talk on the Street
78%
2018 Anthem of the Peaceful Army Mountain of the Sun
72%
2021 The Battle at Garden's Gate Tears of Rain
72%
2023 Starcatcher The Archer
72%
2021 The Battle at Garden's Gate The Barbarians
72%
2021 The Battle at Garden's Gate The Weight of Dreams
72%
2018 Anthem of the Peaceful Army When the Curtain Falls
72%
2021 The Battle at Garden's Gate Built by Nations
67%
2023 Starcatcher Farewell for Now
67%
2018 Anthem of the Peaceful Army The New Day
67%
2021 The Battle at Garden's Gate Trip the Light Fantastic
67%
2018 Anthem of the Peaceful Army Anthem
61%
2021 The Battle at Garden's Gate Caravel
61%
2023 Starcatcher Sacred the Thread
61%
2018 Anthem of the Peaceful Army You're the One
61%
2017 From the Fires Edge of Darkness
56%
2023 Starcatcher Fate of the Faithful
56%
2023 Starcatcher The Indigo Streak
56%
2018 Anthem of the Peaceful Army Brave New World
50%
2018 Anthem of the Peaceful Army The Cold Wind
50%
2018 Anthem of the Peaceful Army Watching Over
50%
2023 Starcatcher Frozen Light
44%
2023 Starcatcher Runway Blues
44%
2023 Starcatcher Waited All Your Life
33%
No matching quizzes found
Score Distribution
Percent of People with Each Score
Percentile by Number Answered
Your Score History
You have not taken this quiz